[Event "FIDE World Cup 2017"]
[Site "Tbilisi"]
[Date "2017.09.03"]
[Round "1.1"]
[White "Nepomniachtchi, Ian"]
[Black "Palac, Mladen"]
[Result "1/2-1/2"]
[WhiteElo "2741"]
[BlackElo "2535"]
[Annotator "TA"]
[PlyCount "69"]
[EventDate "2017.??.??"]
[EventType "k.o."]
[EventCountry "GEO"]
[SourceTitle "playchess.com"]
[Source "ChessBase"]
[SourceQuality "1"]

{[%evp 17,69,0,10,-26,0,0,0,-28,0,0,0,0,22,12,16,7,10,0,0,0,0,0,0,0,0,0,0,0,0,0,0,-20,0,0,0,0,0,0,0,0,0,0,0,0,0,0,0,0,0,0,0,-98,-99,-111]} 1. c4 Nf6 2. Nc3 e5 3. Nf3 Nc6 4. g3 Bb4 5. Bg2 O-O 6. O-O d6 7. d3 Re8 8. Bg5 Bxc3 9. bxc3 h6 {LiveBook: 3 Games. A29: English Opening: Four Knights Variation with 4 g3} 10. Bh4 $146 (10. Bxf6 $5 Qxf6 11. Rb1 $11) ({Find the theoretical novelty and annotate with similar games:} 10. Bxf6 Qxf6 11. Nd2 Bd7 12. Qc2 Rab8 13. f4 Qg6 14. e4 b5 15. cxb5 Rxb5 16. a4 Rb7 17. Rab1 Rxb1 18. Qxb1 {½-½ (42) Khmelniker,I (2493)-Eljanov,P (2741) Douglas 2016}) 10... Rb8 11. Rb1 Bd7 {The position is equal.} 12. h3 (12. Bxf6 $5 Qxf6 13. Nd2 $11) 12... Qe7 (12... e4 $5 {[%cal Re4f3]} 13. Bxf6 Qxf6 14. dxe4 Qxc3 $15) 13. g4 Nd8 14. Nd2 Bc6 15. Bxc6 Nxc6 16. e3 Qe6 17. d4 {Hoping for d5.} Na5 18. d5 Qe7 19. Qf3 g5 20. Bg3 Nd7 21. Qf5 e4 22. f3 exf3 23. Rxf3 f6 24. Rbf1 Qh7 25. Qxh7+ $1 Kxh7 26. c5 Rbc8 27. e4 dxc5 28. e5 Nxe5 29. Rxf6 Nac4 30. Ne4 Nxg4 31. Re6 Rxe6 32. dxe6 Nge3 $1 {[%cal Re3f1]} 33. Rf7+ Kg6 {With the idea ...Nd5.} 34. Nxc5 (34. Rf6+ $1 $11 {was the only way to keep the balance.} Kh7 35. Rf7+ Kg6 36. Rf6+ Kh7 37. Rf7+) 34... Nf5 35. Ne4 {Precision: White = 77%, Black = 77%.} 1/2-1/2

[Event "FIDE World Cup 2017"]
[Site "Tbilisi"]
[Date "2017.09.03"]
[Round "1.1"]
[White "Wojtaszek, Radoslaw"]
[Black "El Debs, Felipe de Cresce"]
[Result "1-0"]
[WhiteElo "2739"]
[BlackElo "2533"]
[Annotator "TA"]
[PlyCount "83"]
[EventDate "2017.??.??"]
[EventType "k.o."]
[EventCountry "GEO"]
[SourceTitle "playchess.com"]
[Source "ChessBase"]
[SourceQuality "1"]

{[%evp 26,83,33,6,50,24,38,28,26,54,33,26,66,35,31,51,87,12,79,64,72,41,20,15,27,7,97,0,77,41,40,40,63,68,72,68,503,455,475,491,494,428,456,447,581,552,566,537,682,639,610,352,329,318,852,850,5489,4894,12845,6472]} 1. d4 Nf6 2. c4 e6 3. Nf3 b6 4. a3 Bb7 5. Nc3 d5 6. cxd5 Nxd5 7. Qc2 Be7 8. e4 Nxc3 9. bxc3 O-O 10. Bd3 c5 11. O-O Qc7 12. Qe2 Nd7 13. a4 {[%cal Ba3a4,Ba4a5][%mdl 32] E12: Queen's Indian: Unusual White 4th moves, 4 a3, 4 Nc3 Bb7 5 a3 and 4 Nc3 Bb7} Rfd8 14. Bd2 {LiveBook: 4 Games} Nf8 (14... Rac8 15. h3 e5 16. Rfc1 Bd6 17. Bc4 Rf8 18. d5 Ra8 19. Be3 Bc8 20. Nd2 Nf6 {1-0 (42) Wang,Y (2726)-Zhou,W (2627) China 2015}) 15. a5 {White is slightly better.} Ng6 16. g3 Bc6 17. h4 {[%cal Bh2h4,Bh4h5][%mdl 32]} h6 $146 ({Predecessor:} 17... h5 18. Rfc1 Qb7 19. Bg5 f6 20. Bd2 b5 21. a6 Qd7 22. Bc2 Nh8 23. Re1 Nf7 24. Bf4 cxd4 25. Nxd4 e5 26. Nxc6 {1-0 (27) Civitillo,A (2460)-Caglia,G (1929) ICCF email 2009}) 18. Rfe1 Bf6 {[%cal Rc5d4]} 19. h5 (19. d5 $5 c4 20. Bxc4 exd5 21. axb6 Qxb6 22. exd5 Bxd5 23. Bxd5 Rxd5 24. Qe4 $11) 19... Nf8 $1 {[%cal Rc5d4]} 20. Bf4 Qe7 21. Qe3 (21. e5 $16 Bg5 22. Nxg5 hxg5 23. Be3) 21... cxd4 (21... Qd7 $11) 22. cxd4 $16 {[#] Black must now prevent e5.} Qd7 {[%cal Rf6d4]} 23. Be5 (23. Rec1 {feels hotter.} Rac8 24. axb6 axb6 25. Be5 Be7 26. Ra6) 23... Bxe5 24. Nxe5 Qd6 25. Red1 Be8 {[#]} (25... b5 $11) 26. Be2 (26. Nc4 $1 $16 {[%cal Rc4d6]} Qe7 27. axb6) 26... bxa5 (26... b5 $11 {remains equal.}) 27. Rxa5 (27. Nc4 $5 {[%cal Rc4d6]} Qe7 28. Rxa5 $16) 27... Qb4 28. Ra6 $36 {[%mdl 2048] White has good play.} Nh7 29. d5 exd5 30. exd5 Nf6 $2 {[%mdl 8192]} (30... Ng5 $14) 31. Rxf6 $18 gxf6 32. Ng4 Qf8 33. Nxf6+ Kh8 34. Rd4 {White threatens Rg4 and mate.} Qg7 35. Qe7 Bd7 36. Rf4 Qg5 37. Qe4 {[%csl Gf6][%cal Re4h7]} Qg7 38. Bd3 a5 39. Qe7 Qg5 $2 (39... a4 40. Nxd7 a3) 40. Bg6 {White is clearly winning.} Rg8 41. Qxd7 Rg7 42. Qc6 {Precision: White = 67%, Black = 29%.} 1-0

[Event "FIDE World Cup 2017"]
[Site "Tbilisi"]
[Date "2017.09.03"]
[Round "1.1"]
[White "Adams, Michael"]
[Black "Batchuluun, Tsegmed"]
[Result "1/2-1/2"]
[WhiteElo "2738"]
[BlackElo "2566"]
[Annotator "TA"]
[PlyCount "113"]
[EventDate "2017.??.??"]
[EventType "k.o."]
[EventCountry "GEO"]
[SourceTitle "playchess.com"]
[Source "ChessBase"]
[SourceQuality "1"]

{[%evp 22,113,8,0,0,0,9,6,26,0,27,11,39,31,35,29,37,36,34,33,31,37,49,42,48,35,35,35,35,35,35,35,35,35,35,24,29,24,29,25,29,30,41,30,32,30,41,18,37,33,35,19,23,23,23,14,17,8,36,0,0,0,0,0,0,0,0,0,0,0,0,0,0,0,0,0,0,0,0,0,0,0,0,0,0,0,0,0,0,0,0,0,0,0]} 1. e4 e5 2. Nf3 Nc6 3. Bc4 Bc5 4. O-O Nf6 5. d3 d6 6. c3 a6 7. a4 O-O 8. h3 {C54: Giuoco Piano: 4 c3 Nf6, main lines with 5 d4 and 5 d3} (8. Re1 Ba7 9. h3 b5 10. Bb3 h6 11. axb5 axb5 12. Be3 Bd7 13. Bxa7 Rxa7 14. Nbd2 Rxa1 15. Qxa1 Nh5 {½-½ (69) So,W (2810)-Nakamura,H (2792) Saint Louis 2017}) 8... h6 9. Re1 Ba7 10. Nbd2 Nh5 11. Nf1 Qf6 12. Be3 {LiveBook: 3 Games} Bxe3 $146 ({Predecessor:} 12... Nf4 13. d4 Ne7 14. N1h2 Neg6 {1-0 (42) Antipov,M (2557)-Gledura,B (2585) Bastia 2016}) 13. Nxe3 Nf4 14. Kh2 Bd7 15. a5 Rfe8 16. h4 Be6 (16... Qg6 {is interesting.} 17. Kh1 Be6 18. g3 Nh5 19. Nd2 Rad8) 17. g3 Bxc4 18. dxc4 Ne6 19. b4 Ne7 20. Ra2 (20. Nd5 $5 {[%cal Rd5f6]} Qg6 21. Qd3 $11) 20... Rad8 21. h5 Ng5 22. Nxg5 Qxg5 23. Rd2 f5 24. exf5 Nxf5 25. Qg4 Qxg4 26. Nxg4 Kf7 27. c5 g6 28. hxg6+ Kxg6 29. cxd6 cxd6 30. Ne3 Nxe3 31. Rxe3 $11 {[%mdl 4096] Endgame KRR-KRR} Re6 32. c4 Rc8 33. Re4 Kf5 34. Rh4 Rc6 35. Kg2 Rg6 36. Kf3 Ke6 37. Rc2 Rf6+ 38. Ke3 d5 39. f3 Rg6 40. Kf2 dxc4 {The position is equal.} 41. Rhxc4 Rxc4 42. Rxc4 {KR-KR} Kd5 43. Rc7 b6 44. g4 bxa5 45. bxa5 e4 46. Ke3 exf3 47. Kxf3 Kd4 48. Kf4 Rf6+ 49. Kg3 Rg6 50. Kh4 Rg5 51. Rc6 Rxa5 52. Rxh6 Ra1 53. g5 a5 54. Ra6 Kc4 55. g6 Rg1 56. Kh5 Kb5 57. Ra8 {Precision: White = 52%, Black = 78%.} 1/2-1/2

[Event "FIDE World Cup 2017"]
[Site "Tbilisi"]
[Date "2017.09.03"]
[Round "1.1"]
[White "Gelfand, Boris"]
[Black "Stupak, Kirill"]
[Result "1-0"]
[WhiteElo "2737"]
[BlackElo "2579"]
[Annotator "TA"]
[PlyCount "64"]
[EventDate "2017.??.??"]
[EventType "k.o."]
[EventCountry "GEO"]
[SourceTitle "playchess.com"]
[Source "ChessBase"]
[SourceQuality "1"]

{[%evp 25,64,34,40,33,64,68,69,49,62,42,17,19,50,58,75,77,111,100,109,115,137,141,138,137,152,145,220,236,307,326,711,568,574,569,2127,1944,29983,29983,29998,29999,29999]} 1. d4 Nf6 2. c4 e6 3. Nf3 d5 4. g3 Be7 5. Bg2 O-O 6. O-O Nbd7 7. Qc2 c6 8. Nbd2 b6 9. e4 Bb7 10. e5 Ne8 11. cxd5 cxd5 12. Re1 Rc8 13. Qd1 {E09: Closed Catalan: Main Line: 7 Qc2 c6 8 Nbd2} (13. Qa4 Nc7 14. Bf1 Qe8 15. Kg2 Nb8 16. Qxa7 Ba8 17. Qxb6 Nc6 18. Qb3 f6 19. Qe3 Qf7 20. exf6 Bxf6 {0-1 (43) Donchenko,A (2554)-Giri,A (2771) Reykjavik 2017}) 13... Qc7 {LiveBook: 21 Games} 14. Nb1 b5 15. Bf1 $146 {White is slightly better.} ({Find the theoretical novelty and annotate with similar games:} 15. a3 a5 16. Bf1 Ba6 17. Bd3 Nb8 18. Qe2 Qb6 19. Bg5 Bxg5 20. Nxg5 g6 {½-½ (54) Gonzales,J (2396)-Shapiro,D (2274) Philadelphia 2001}) 15... b4 16. Bd3 h6 17. Bf4 Qb6 18. Nbd2 {[%cal Bb1d2,Bd2f3,Bf3e5][%mdl 32]} Ba6 19. Bc2 f5 {[#] Strongly threatening ...g5.} 20. exf6 $1 Rxf6 21. Rc1 Nd6 {[%cal Be8d6,Bd6c4,Bc4a3][%mdl 32]} 22. Ne5 {[%cal Bf3e5,Be5g4,Bg4h6][%mdl 32]} Nf8 23. Ndf3 Nc4 {[#]} 24. b3 $1 {[%cal Rb3c4]} Na3 25. Ng4 Rf7 (25... Rxf4 $16 {was necessary.} 26. gxf4 Bd6) 26. Nfe5 $18 Rxc2 27. Nxf7 ({Weaker is} 27. Rxc2 Nxc2 28. Qxc2 Rf5 $18) 27... Rxc1 $2 {[#]} (27... Kxf7 28. Ne5+ Kg8) 28. Nfxh6+ $1 {[%mdl 512]} Kh7 (28... gxh6 29. Nxh6+) 29. Bxc1 {And now Ne5 would win.} gxh6 30. Nxh6 Ng6 31. Qf3 Bf8 32. Qf7+ Bg7 {Precision: White = 89%, Black = 29%.} 1-0

[Event "FIDE World Cup 2017"]
[Site "Tbilisi"]
[Date "2017.09.03"]
[Round "1.1"]
[White "Eljanov, Pavel"]
[Black "Lenderman, Aleksandr"]
[Result "0-1"]
[WhiteElo "2734"]
[BlackElo "2565"]
[Annotator "TA"]
[PlyCount "114"]
[EventDate "2017.??.??"]
[EventType "k.o."]
[EventCountry "GEO"]
[SourceTitle "playchess.com"]
[Source "ChessBase"]
[SourceQuality "1"]

{[%evp 15,114,0,4,-1,0,0,28,38,30,20,39,29,33,27,34,36,37,40,49,49,49,48,49,49,47,27,50,40,47,44,62,54,74,73,66,70,77,72,77,66,75,74,70,64,114,72,80,64,80,57,79,69,74,73,115,35,75,86,110,97,181,102,116,39,49,26,146,149,144,110,138,60,55,58,127,127,227,235,337,310,445,436,527,524,525,432,404,364,308,0,0,0,0,-580,-580,-572,-557,-594,-594,-580,-572]} 1. d4 Nf6 2. c4 e6 3. Nc3 Bb4 4. Qc2 O-O 5. a3 Bxc3+ 6. Qxc3 d5 7. Bg5 dxc4 {E36: Nimzo-Indian: Classical: 4...d5 5 a3} 8. Qxc4 b6 {LiveBook: 99 Games} 9. Rc1 (9. Rd1 Ba6 10. Qa4 h6 11. Bh4 Qd7 12. Qc2 Qc6 13. Qxc6 Nxc6 14. Bxf6 gxf6 15. Nf3 {½-½ (72) Morozevich,A (2675)-Navara,D (2737) Biel 2017}) 9... Ba6 {The position is equal.} 10. Qa4 Qd7 (10... c5 {is interesting.} 11. dxc5 h6 12. Bh4 bxc5 13. Nf3 Qe7) 11. Qxd7 Nbxd7 12. Bxf6 Nxf6 13. e3 Bxf1 14. Kxf1 Rfc8 15. Rc6 Nd5 $146 16. Nf3 Ne7 17. Rc2 f6 18. Ke2 Kf7 19. Rhc1 c6 20. Ne1 Ke8 21. Nd3 Kd7 22. g4 g5 23. h4 {[%cal Bh2h4,Bh4h5][%mdl 32]} h6 24. Rh1 Rh8 25. e4 Ng6 26. h5 Ne7 27. Ke3 Rhf8 28. f3 a5 29. Rhc1 Ra7 30. Rc3 Rg8 31. b3 Rf8 32. Nb2 Re8 33. Nc4 Ra6 34. Kf2 Rd8 35. Rd3 (35. f4 $1 $16) 35... Ke8 36. e5 f5 37. Nd6+ Kf8 {[#]} (37... Kd7 $16) 38. d5 (38. f4 $1 $18) 38... cxd5 39. Rc7 (39. Nb5 $16) 39... b5 $1 $14 40. Nxb5 (40. Nb7 $5 {[%cal Rb7d8]} Re8 41. gxf5 $14) 40... Rc6 (40... fxg4 $1 $11 41. Nd4 (41. fxg4 Nc6 $11) 41... Nf5) 41. Nd4 $16 Rxc7 42. Nxe6+ Kf7 43. Nxc7 {[%mdl 4096] Endgame KRN-KRN} ({Better is} 43. Nxd8+ $16 Ke8 44. Ne6 Rc2+ 45. Ke1) 43... d4 $14 44. Nb5 Rd5 (44... fxg4 $14 45. Rxd4 (45. fxg4 Nc6 $11) 45... Rb8) 45. e6+ $16 ({Don't play} 45. Nxd4 $6 Nc6 $11) 45... Kf6 (45... Kf8 $16) 46. Nxd4 $18 Rd6 (46... Ke5 {is a better defense.}) 47. b4 axb4 (47... f4 $142 48. bxa5 Rd5) 48. axb4 {[%cal Ba3b4,Bb4b5][%mdl 32]} f4 49. b5 Ke5 50. Rd2 ({Not} 50. Nc6+ Nxc6 51. bxc6 Rxc6 $18) 50... Kf6 ({But not} 50... Rxd4 $2 51. Rxd4 Kxe6 52. b6) 51. Ke1 Nd5 52. Re2 $2 (52. Kd1 $18) 52... Ne3 $11 53. e7 Kf7 54. Rd2 $2 {[%mdl 8192] [#]} (54. Rxe3 $11 {and White stays safe.} fxe3 55. Nf5) 54... Rxd4 $1 $19 {Black is clearly winning.} 55. Rb2 Rd7 56. b6 {Strongly threatening b7.} Rb7 57. Ke2 Nd5 {Precision: White = 62%, Black = 39%.} 0-1

[Event "FIDE World Cup 2017"]
[Site "Tbilisi"]
[Date "2017.09.03"]
[Round "1.1"]
[White "Vallejo Pons, Francisco"]
[Black "Karthikeyan, Murali"]
[Result "1-0"]
[WhiteElo "2717"]
[BlackElo "2574"]
[Annotator "TA"]
[PlyCount "127"]
[EventDate "2017.??.??"]
[EventType "k.o."]
[EventCountry "GEO"]
[SourceTitle "playchess.com"]
[Source "ChessBase"]
[SourceQuality "1"]

{[%evp 23,127,17,17,8,15,8,52,46,45,55,60,50,52,51,55,45,47,50,62,54,71,32,68,33,42,44,71,67,68,62,93,75,192,193,187,119,135,130,138,91,147,147,150,153,147,145,138,131,162,141,141,136,134,145,136,141,143,137,185,185,175,161,158,138,218,229,194,202,318,319,297,292,291,307,293,293,664,664,645,636,651,552,584,584,584,584,992,1312,4618,4618,4618,4618,29979,29979,29980,29978,29977,29978,29976,29975,29980,29982,29984,29984,29989,29986]} 1. d4 Nf6 2. c4 e6 3. Nf3 d5 4. g3 Bb4+ 5. Nbd2 O-O 6. Bg2 b6 7. O-O Bb7 8. Ne5 Nbd7 9. Qa4 Bd6 10. Nxd7 Qxd7 11. Qxd7 Nxd7 12. cxd5 exd5 {[#]} 13. Nc4 $1 {[%mdl 512] E16: Queen's Indian: 4 g3 Bb7 5 Bg2 Bb4+} Be7 (13... dxc4 14. Bxb7) 14. Bf4 c6 (14... g6 15. Rac1 Rac8 16. Rfd1 Rfd8 17. h4 h5 18. Rc2 Bf8 19. Ne5 Nxe5 20. Bxe5 c6 21. e4 dxe4 22. Bxe4 Bg7 23. Rdc1 Re8 24. Bxc6 Rxc6 25. Rxc6 Bxe5 26. dxe5 Bxc6 27. Rxc6 Rxe5 {½-½ (27) Ivanov,S (2547)-Kuzubov,Y (2622) Stockholm 2008}) 15. Nd6 {White is slightly better.} Bxd6 16. Bxd6 Rfe8 17. Rfe1 $146 ({Find the theoretical novelty and annotate with similar games:} 17. e3 Nf6 18. Rfd1 Rad8 19. Bb4 a5 20. Be1 a4 21. b3 Ra8 22. Rdc1 Ra7 23. b4 b5 24. Bd2 Nd7 25. f3 Nb6 26. Bf1 Nc4 27. Bxc4 bxc4 {½-½ (27) Hudecek,J (2310)-Jurcik,M (2344) Czechia 2010}) 17... Nf8 18. Rac1 Rad8 19. Ba3 Ne6 20. e3 f5 21. h4 Kf7 22. f3 Rc8 23. Bd6 c5 24. Be5 Ba6 25. Rc3 Bc4 26. Rec1 a5 27. a4 Ba6 (27... h5 $16) 28. f4 $1 $18 Red8 {[#]} 29. Bh3 (29. g4 $1 $18 {[%mdl 512]}) 29... g6 $16 30. g4 $1 {[%cal Rg4f5]} cxd4 31. exd4 Rxc3 ({Black should play} 31... Rc4) 32. Rxc3 fxg4 33. Bxg4 {Strongly threatening Rc6.} Rc8 34. Rb3 Rc6 35. Bf3 Bc4 36. Re3 Ba2 {[#] intending ...Rc1+.} 37. b3 $1 Nc7 38. Bxc7 Rxc7 39. Bxd5+ {[%mdl 4096] Endgame KRB-KRB} Kf6 40. Kf2 Rd7 41. Re5 Bb1 42. Ke3 Bf5 43. Be4 {And now Bxf5 would win.} Be6 (43... Bg4 $16 {was called for.} 44. b4 axb4) 44. Bc6 $18 Rd8 {[#]} 45. d5 $1 Bf7 (45... Bc8 $142 46. Kd3 Ba6+ 47. Ke3 Bc8) 46. Kd4 Rc8 47. Re1 Rd8 48. b4 axb4 49. Rb1 Be8 $2 (49... Rd6 50. Rxb4 Kf5) 50. Bxe8 Rxe8 51. Rxb4 {KR-KR} Kf5 52. Rxb6 Re4+ 53. Kc5 Rxa4 54. Rb7 h5 55. d6 Kg4 56. d7 Ra8 57. Rb1 Kxh4 58. Rg1 {White mates.} Rg8 59. Kd5 Kh3 {[#]} 60. Rxg6 $3 {[%mdl 512]} Rxg6 61. d8=Q Rg3 62. Ke4 h4 63. f5 Kg2 64. Qxh4 {Precision: White = 87%, Black = 42%.} 1-0

[Event "FIDE World Cup 2017"]
[Site "Tbilisi"]
[Date "2017.09.03"]
[Round "1.1"]
[White "Bu, Xiangzhi"]
[Black "Flores, Diego"]
[Result "1-0"]
[WhiteElo "2714"]
[BlackElo "2580"]
[Annotator "TA"]
[PlyCount "45"]
[EventDate "2017.??.??"]
[EventType "k.o."]
[EventCountry "GEO"]
[SourceTitle "playchess.com"]
[Source "ChessBase"]
[SourceQuality "1"]

{[%evp 15,45,53,49,45,65,59,69,54,48,56,55,40,47,31,47,20,31,33,43,52,73,61,77,77,301,294,296,285,490,485,777,783]} 1. Nf3 c5 2. c4 b6 3. Nc3 Bb7 4. e4 d6 5. d4 cxd4 6. Nxd4 Nf6 7. Qe2 Nc6 {A34: Symmetrical English: 2 Nc3, lines with ...d5} (7... e6 8. g3 Nbd7 9. Bg2 Qc7 10. O-O Rc8 11. b3 Be7 12. f4 a6 13. Bb2 g6 14. Rae1 O-O 15. Kh1 Rfe8 {½-½ (45) Georgiev,K (2669)-Berg,E (2594) Rijeka 2010}) 8. Nxc6 Bxc6 {LiveBook: 7 Games} 9. g3 e6 {White is slightly better.} 10. Bg2 Be7 11. O-O {[%cal Bh1f1,Bf1d1,Bd1d3][%mdl 32]} O-O 12. Rd1 {Hoping for e5.} Qc7 13. b3 a6 $146 ({Predecessor:} 13... Rfd8 14. a4 a6 15. Ba3 Qb7 16. Ra2 Rab8 {1-0 (43) Ivanov,M (2392)-Szotkowski,J (2183) Karvina 2013}) 14. Ba3 Rfd8 15. Rd3 Ne8 16. Rc1 Qa7 17. Bb4 Rac8 18. Qe3 Rd7 19. a4 b5 $2 {[#]} (19... h6 $16 {keeps fighting.}) 20. Qxa7 $18 ({Much less strong is} 20. cxb5 $6 Qxe3 21. Rxe3 Bb7 $18) ({Worse is} 20. axb5 axb5 21. Ne2 bxc4 $11) 20... Rxa7 21. cxb5 axb5 $2 (21... a5) 22. Nxb5 Rb7 (22... Raa8 $142 23. Rdc3 Bd7 24. Rxc8 Rxc8 25. Rxc8 Bxc8) 23. e5 {Precision: White = 82%, Black = 40%.} 1-0

[Event "FIDE World Cup 2017"]
[Site "Tbilisi"]
[Date "2017.09.03"]
[Round "1.1"]
[White "Andreikin, Dmitry"]
[Black "Goganov, Aleksey"]
[Result "1/2-1/2"]
[WhiteElo "2708"]
[BlackElo "2567"]
[Annotator "TA"]
[PlyCount "129"]
[EventDate "2017.??.??"]
[EventType "k.o."]
[EventCountry "GEO"]
[SourceTitle "playchess.com"]
[Source "ChessBase"]
[SourceQuality "1"]

{[%evp 10,129,37,45,35,17,6,0,10,12,19,0,19,0,0,0,0,0,0,0,14,10,16,8,10,16,26,22,24,22,12,11,17,23,48,48,50,31,80,88,89,56,60,64,45,26,25,0,0,-33,-35,-153,-88,-222,-214,-213,-218,-186,-234,-212,-210,-218,-215,-204,-204,-279,-278,-281,-289,-286,0,-237,0,-281,-280,-281,-285,-280,-280,-276,-276,-269,-245,-426,-406,-525,-564,-637,-626,-674,-604,-576,-567,-531,-435,-428,-414,-421,-421,-991,-414,-404,-396,-376,-129,-109,-116,-133,-120,-111,-110,-103,-104,-112,-38,-34,-8,-8,-8,-8,-8,-8]} 1. d4 d5 2. c4 c6 3. cxd5 cxd5 4. Nc3 Nc6 5. e4 dxe4 6. d5 {LiveBook: 15 Games} Nb8 {D10: Slav Defence: 3 cxd5 (without early Nf3) and 3 Nc3} (6... Ne5 7. Bf4 Ng6 8. Bg3 f5 9. h4 f4 10. Bh2 e5 11. dxe6 Bxe6 12. h5 Ne5 13. Bxf4 Nd3+ 14. Bxd3 Qxd3 {1-0 (37) Aronian,L (2782)-Smeets,J (2651) Nice 2010}) 7. Nxe4 Nf6 8. Nxf6+ exf6 $146 ({Predecessor:} 8... gxf6 9. Nf3 Na6 10. Bf4 e5 11. dxe6 Qxd1+ 12. Rxd1 Bb4+ 13. Nd2 fxe6 14. Bc4 {1-0 (39) Giessmann,S (2252)-Meulner,F (1870) Fuerth 2016}) 9. Bb5+ Bd7 (9... Nd7 $5 {[%cal Rd8a5]} 10. Qe2+ Qe7 $11) 10. Qe2+ Qe7 {...Bxb5 is the strong threat.} 11. Be3 Bxb5 12. Qxb5+ Qd7 $1 {[%cal Rd7b5]} 13. Qb3 Na6 {[%cal Bb8a6,Ba6c5,Bc5d3][%mdl 32]} 14. Ne2 Nc5 15. Qc4 Qa4 16. Rc1 Qxc4 17. Rxc4 Nd3+ 18. Kd2 Ne5 19. Rc7 $36 {[%mdl 2048] White is pushing.} b6 20. Rhc1 Bb4+ 21. Kc2 Bd6 22. Rb7 $1 O-O 23. Kb3 Rfd8 24. Nc3 Ng4 25. Bd4 Nh6 26. Nb5 Nf5 $1 27. Bc3 (27. Be3 $5) 27... Bc5 28. Rd1 a6 $1 {[%cal Ra6b5]} ({And not} 28... Bxf2 29. Rf1 $16) 29. Nc7 Rd7 {Strongly threatening ...Rc8.} 30. d6 ({Better is} 30. Bb4 $15) 30... Rad8 ({Weaker is} 30... Rxd6 31. Nxa8 Rxd1 32. Rb8+ Bf8 33. Kc2 $18 (33. Nxb6 Nd4+ 34. Kc4 Ne6 $16)) (30... Nxd6 $142 31. Nxa8 Rxb7) 31. Bb4 (31. Rd5 $17 {was worth a try.}) 31... Nxd6 $19 32. Ra7 Bxb4 33. Kxb4 Nc8 34. Rxd7 Rxd7 {[%mdl 4096] Endgame KRN-KRN} 35. Rb7 h5 36. a4 Kh7 37. a5 bxa5+ $1 38. Kxa5 Nd6 39. Ra7 Nc8 40. Rb7 Nd6 41. Ra7 Nc4+ 42. Kxa6 Nxb2 43. Kb5 Nd3 44. f3 h4 45. Kb6 Ne1 46. Kc6 $2 (46. Ra2) 46... Rd2 47. Nd5 Rxg2 48. f4 Rxh2 49. Rxf7 Re2 50. f5 {If White can now play Nxf6+ this consolidates a bit.} Kg8 51. Ra7 h3 52. Ra8+ Kh7 53. Ra3 h2 54. Rh3+ Kg8 55. Nf4 Rc2+ $1 56. Kd6 {[#]} Kf7 $2 (56... g6 $1 $19 {and Black stays clearly on top.} 57. fxg6 (57. Nxg6 Nf3) 57... Nf3 $1 {[%mdl 512]}) 57. Ng6 $17 Rd2+ $1 58. Kc7 {White wants to mate with Rh8.} Rd5 $1 59. Nh8+ {[#]} Ke8 $1 60. Rxh2 Nf3 (60... Rxf5 $2 61. Kd6 $19) 61. Re2+ {[#]} Re5 ({Black should try} 61... Ne5 $1 $17 62. Ng6 Kf7 63. Nxe5+ fxe5) 62. Ra2 $1 $15 {[%cal Ra2a8] Intending Ra8+ and mate.} Nh4 63. Ra4 {The position is equal.} Nxf5 {aiming for ...Re7+.} 64. Ra8+ Ke7 {And now ...Nh4 would win.} 65. Ng6+ {Precision: White = 61%, Black = 75%.} 1/2-1/2

[Event "FIDE World Cup 2017"]
[Site "Tbilisi"]
[Date "2017.09.03"]
[Round "1.1"]
[White "Jobava, Baadur"]
[Black "Salgado Lopez, Ivan"]
[Result "1/2-1/2"]
[WhiteElo "2702"]
[BlackElo "2627"]
[Annotator "TA"]
[PlyCount "40"]
[EventDate "2017.??.??"]
[EventType "k.o."]
[EventCountry "GEO"]
[SourceTitle "playchess.com"]
[Source "ChessBase"]
[SourceQuality "1"]

{[%evp 20,40,8,14,25,10,12,0,0,0,9,9,12,5,7,0,0,0,0,0,0,7,14]} 1. d4 d5 2. c4 c6 3. Nc3 Nf6 4. cxd5 cxd5 5. Bf4 Nc6 6. Nf3 Bf5 7. Qb3 Na5 8. Qa4+ Bd7 9. Qc2 e6 {D14: Slav Defence: Exchange variation with ...Bf5} 10. e3 Be7 11. h3 {LiveBook: 7 Games} Ne4 12. Bd3 f5 {The position is equal.} 13. O-O Rc8 14. Ne5 O-O 15. Rac1 Nc6 16. Nxc6 $146 ({Reject} 16. Nxe4 fxe4 17. Bxe4 dxe4 $17) ({Predecessor:} 16. Nxd7 Qxd7 {½-½ (66) Batsiashvili,N (2489)-Muzychuk,A (2561) Novi Sad 2016}) 16... Rxc6 17. Qe2 a6 18. f3 Nxc3 19. Rxc3 Rxc3 20. bxc3 b5 1/2-1/2